000 00276nam a22001217a 4500
082 _a823 HOW
100 _aHowells, William Dean
245 _aThe Rise Of Silas Lapham
260 _aUnited State
_bPenguen
_c1971
300 _a368
650 _aEnglish - Fiction
942 _cBK
999 _c20266
_d20266